[Event "Poronin op"]
[Site "Poronin POL"]
[Date "2023.01.10"]
[Round "8.1"]
[White "Golubka, Petro"]
[Black "Lajdamik, Kinga"]
[Result "1-0"]
[WhiteElo "2378"]
[BlackElo "1548"]
[WhiteFideId "-1"]
[BlackFideId "-1"]
[PlyCount "37"]
[GameId "2130307565029636"]
[EventDate "2023.01.06"]
[EventType "swiss"]
[EventRounds "9"]
[EventCountry "POL"]
[SourceTitle "10 Days #711"]
[Source "ChessMix"]
[SourceDate "2023.01.20"]
[SourceVersion "1"]
[SourceVersionDate "2023.01.20"]
[SourceQuality "1"]

1. e4 c6 2. d4 d5 3. f3 dxe4 4. fxe4 e5 5. Nf3 exd4 6. Bc4 Be7 7. O-O Nf6 8. e5 Nd5 9. Nxd4 Bc5 10. c3 O-O 11. Kh1 a6 12. Qf3 Nd7 13. Qg3 Bxd4 14. cxd4 Kh8 15. Nc3 N7b6 16. Bd3 Nb4 17. Be4 N4d5 18. Bg5 f6 19. Qh4 1-0

[Event "Poronin op"]
[Site "Poronin POL"]
[Date "2023.01.11"]
[Round "9.1"]
[White "Bandyk, Wladyslaw"]
[Black "Golubka, Petro"]
[Result "0-1"]
[WhiteElo "1442"]
[BlackElo "2378"]
[WhiteFideId "-1"]
[BlackFideId "-1"]
[PlyCount "44"]
[GameId "2130307565029645"]
[EventDate "2023.01.06"]
[EventType "swiss"]
[EventRounds "9"]
[EventCountry "POL"]
[SourceTitle "10 Days #711"]
[Source "ChessMix"]
[SourceDate "2023.01.20"]
[SourceVersion "1"]
[SourceVersionDate "2023.01.20"]
[SourceQuality "1"]

1. e4 Nf6 2. d3 c5 3. Nf3 Nc6 4. g3 g6 5. Bg2 Bg7 6. O-O O-O 7. h4 d6 8. c3 Rb8 9. Re1 e5 10. Na3 b5 11. Nc2 h6 12. Rb1 a5 13. Bd2 Be6 14. b3 d5 15. Qc1 Kh7 16. Be3 Qe7 17. Ng5+ hxg5 18. exd5 Nxd5 19. Bxg5 f6 20. c4 Ndb4 21. Nxb4 Nxb4 22. Bd2 Nxd3 0-1

[Event "Stockholm SWE, National Blitz Ch 2023"]
[Site "Stockholm SWE"]
[Date "2023.01.01"]
[Round "1.9"]
[White "Joel Paul Ganta"]
[Black "Golubka, Petro"]
[Result "0-1"]
[WhiteElo "2165"]
[BlackElo "2378"]
[WhiteFideId "-1"]
[BlackFideId "-1"]
[PlyCount "63"]
[GameId "2130307565340277"]
[EventDate "2023.01.01"]
[EventType "swiss (blitz)"]
[EventRounds "13"]
[EventCountry "SWE"]
[SourceTitle "10 Days #710"]
[Source "ChessMix "]
[SourceDate "2023.01.10"]
[SourceVersion "1"]
[SourceVersionDate "2023.01.10"]
[SourceQuality "1"]

1. e4 d6 2. d4 Nf6 3. Nc3 g6 4. Be3 a6 5. a4 Bg7 6. f3 O-O 7. Qd2 Nbd7 8. h4 c5 9. Nge2 cxd4 10. Nxd4 Ne5 11. h5 Nxh5 12. Rxh5 gxh5 13. Bh6 e6 14. O-O-O Qf6 15. Bg5 Qg6 16. f4 Ng4 17. f5 exf5 18. Nd5 Re8 19. exf5 Bxf5 20. Nxf5 Qxf5 21. Ne7+ Rxe7 22. Bxe7 Bh6 23. Qxh6 Nxh6 24. Bd3 Qf4+ 25. Kb1 Qe5 26. Bxd6 Qe6 27. Bf4 Ng4 28. b3 Re8 29. Bc4 Qf5 30. g3 Nf6 31. Bd3 Ne4 32. Kc1 0-1

[Event "Zamenhof mem."]
[Site "Bialystok POL"]
[Date "2022.??.??"]
[Round "1.22"]
[White "Golubka, Petro"]
[Black "Golecki, Jan"]
[Result "1-0"]
[WhiteElo "2378"]
[BlackElo "2152"]
[WhiteFideId "-1"]
[BlackFideId "-1"]
[PlyCount "60"]
[GameId "2130307565681437"]
[EventDate "2022.12.27"]
[EventType "swiss"]
[EventRounds "9"]
[EventCountry "POL"]
[SourceTitle "10 Days #709"]
[Source "ChessMix"]
[SourceDate "2023.01.01"]
[SourceVersion "1"]
[SourceVersionDate "2023.01.01"]
[SourceQuality "1"]

1. e4 e5 2. Nf3 Nc6 3. Nc3 Nf6 4. Bb5 Bc5 5. Nxe5 O-O 6. Nf3 Re8 7. O-O Nxe4 8. Nxe4 Rxe4 9. d3 Rg4 10. h3 Rg6 11. d4 Nxd4 12. Nxd4 Qh4 13. Re1 d5 14. Re8+ Bf8 15. Nf3 Rxg2+ 16. Kxg2 Bxh3+ 17. Kh2 Qxf2+ 18. Kxh3 Rxe8 19. Qf1 Qxf1+ 20. Bxf1 Bd6 21. Bd2 c5 22. Re1 Rd8 23. c4 d4 24. Bd3 f6 25. Be4 g5 26. Kg4 Kg7 27. Bxb7 Rb8 28. Re6 Bf8 29. Be4 Rxb2 30. Ra6 f5+ 1-0

[Event "Zamenhof mem."]
[Site "Bialystok POL"]
[Date "2022.??.??"]
[Round "2.3"]
[White "Golubka, Petro"]
[Black "Gumularz, Szymon"]
[Result "0-1"]
[WhiteElo "2378"]
[BlackElo "2561"]
[WhiteFideId "-1"]
[BlackFideId "-1"]
[PlyCount "98"]
[GameId "2130307565681452"]
[EventDate "2022.12.27"]
[EventType "swiss"]
[EventRounds "9"]
[EventCountry "POL"]
[SourceTitle "10 Days #709"]
[Source "ChessMix"]
[SourceDate "2023.01.01"]
[SourceVersion "1"]
[SourceVersionDate "2023.01.01"]
[SourceQuality "1"]

1. c4 b6 2. e4 Bb7 3. Nc3 e6 4. a3 Nf6 5. d3 c5 6. g3 d5 7. exd5 exd5 8. Bg2 Bc6 9. Bg5 dxc4 10. Bxc6+ Nxc6 11. Qa4 Qd7 12. Bxf6 gxf6 13. dxc4 Na5 14. Qb5 O-O-O 15. Nge2 Qxb5 16. cxb5 Nc4 17. b3 Nd2 18. O-O-O Nxb3+ 19. Kc2 Nd4+ 20. Nxd4 cxd4 21. Ne2 Bxa3 22. Nxd4 Bc5 23. Nc6 Rxd1 24. Rxd1 Kc7 25. Nxa7 Ra8 26. Nc6 Ra2+ 27. Kc3 Rxf2 28. Nb4 Bxb4+ 29. Kxb4 Rb2+ 30. Ka4 Rxh2 31. Rc1+ Kb7 32. Rc6 Rh6 33. Rd6 Rg6 34. Rd7+ Kc8 35. Rxf7 h5 36. Kb4 Rg4+ 37. Kc3 Rxg3+ 38. Kc4 Rg6 39. Rh7 Rg5 40. Rh6 Rc5+ 41. Kb4 Rf5 42. Rh7 Rf4+ 43. Kc3 h4 44. Kb3 f5 45. Rh6 Kc7 46. Rc6+ Kb7 47. Rf6 Rf1 48. Rf7+ Kc8 49. Rh7 Rh1 0-1

[Event "Zamenhof mem."]
[Site "Bialystok POL"]
[Date "2022.??.??"]
[Round "3.19"]
[White "Salna, Aleksandras"]
[Black "Golubka, Petro"]
[Result "0-1"]
[WhiteElo "2191"]
[BlackElo "2378"]
[WhiteFideId "-1"]
[BlackFideId "-1"]
[PlyCount "98"]
[GameId "2130307565685598"]
[EventDate "2022.12.27"]
[EventType "swiss"]
[EventRounds "9"]
[EventCountry "POL"]
[SourceTitle "10 Days #709"]
[Source "ChessMix"]
[SourceDate "2023.01.01"]
[SourceVersion "1"]
[SourceVersionDate "2023.01.01"]
[SourceQuality "1"]

1. d4 Nf6 2. Bf4 Nh5 3. Bg5 g6 4. e3 c6 5. Nd2 Qa5 6. Bh4 d6 7. Be2 Ng7 8. Ngf3 Nf5 9. Bg3 Bg7 10. c3 Nxg3 11. hxg3 Nd7 12. g4 h6 13. e4 Nf6 14. g5 hxg5 15. Rxh8+ Bxh8 16. b4 Qc7 17. Nxg5 Bg7 18. Qb3 e6 19. f4 Ke7 20. Ndf3 Nh5 21. Nh3 Bh6 22. g4 Nxf4 23. g5 Nxh3 24. gxh6 e5 25. dxe5 Be6 26. c4 dxe5 27. O-O-O Nf4 28. Bf1 Rh8 29. Qa3 Bg4 30. c5 Bxf3 31. Qxf3 Rxh6 32. Rd6 b5 33. Qc3 Rh5 34. a4 a6 35. axb5 axb5 36. Qa1 Ne6 37. Kd2 Rh8 38. Ke1 Nd4 39. Qc1 f6 40. Qc3 Rd8 41. Qh3 Rxd6 42. Qh7+ Kd8 43. Qh8+ Kd7 44. Bh3+ Re6 45. Qxf6 Qd8 46. Bxe6+ Nxe6 47. Qxe5 Qh4+ 48. Kd1 Qg4+ 49. Ke1 Qf4 0-1

[Event "Zamenhof mem."]
[Site "Bialystok POL"]
[Date "2022.??.??"]
[Round "4.13"]
[White "Vardanyan, Aras"]
[Black "Golubka, Petro"]
[Result "1-0"]
[WhiteElo "2271"]
[BlackElo "2378"]
[WhiteFideId "-1"]
[BlackFideId "-1"]
[PlyCount "71"]
[GameId "2130307565685625"]
[EventDate "2022.12.27"]
[EventType "swiss"]
[EventRounds "9"]
[EventCountry "POL"]
[SourceTitle "10 Days #709"]
[Source "ChessMix"]
[SourceDate "2023.01.01"]
[SourceVersion "1"]
[SourceVersionDate "2023.01.01"]
[SourceQuality "1"]

1. e4 b6 2. d4 Bb7 3. Bd3 e6 4. Nf3 g6 5. O-O Bg7 6. Re1 Ne7 7. Nbd2 d6 8. c3 Nd7 9. Nf1 O-O 10. Bg5 c5 11. Qd2 Rc8 12. Rad1 cxd4 13. cxd4 Qe8 14. Bh6 f6 15. Bxg7 Kxg7 16. Ng3 Qf7 17. Bc2 h6 18. Bb3 d5 19. h4 a5 20. exd5 Bxd5 21. Ne4 Bxb3 22. axb3 Rc6 23. d5 exd5 24. Nd4 dxe4 25. Nxc6 Nc5 26. Nxe7 Qxe7 27. b4 axb4 28. Qxb4 Qe6 29. Qd4 Qb3 30. Re3 Qc2 31. b4 Ne6 32. Qd2 Qxd2 33. Rxd2 f5 34. Rd6 Nf4 35. Ra3 Rf7 36. b5 1-0

[Event "Zamenhof mem."]
[Site "Bialystok POL"]
[Date "2022.??.??"]
[Round "5.16"]
[White "Golubka, Petro"]
[Black "Backiel, Hubert"]
[Result "1/2-1/2"]
[WhiteElo "2378"]
[BlackElo "2208"]
[WhiteFideId "-1"]
[BlackFideId "-1"]
[PlyCount "83"]
[GameId "2130307565689754"]
[EventDate "2022.12.27"]
[EventType "swiss"]
[EventRounds "9"]
[EventCountry "POL"]
[SourceTitle "10 Days #709"]
[Source "ChessMix"]
[SourceDate "2023.01.01"]
[SourceVersion "1"]
[SourceVersionDate "2023.01.01"]
[SourceQuality "1"]

1. d4 Nf6 2. c4 e6 3. Nf3 d5 4. g3 dxc4 5. Qa4+ Nbd7 6. Bg2 a6 7. Qxc4 b5 8. Qc2 Bb7 9. O-O c5 10. Nc3 cxd4 11. Nxd4 Bxg2 12. Kxg2 Bc5 13. Nf3 Rc8 14. a3 Qb6 15. e4 Qc6 16. Qe2 O-O 17. Bf4 Nb6 18. Rfc1 Qb7 19. Nd2 Bd4 20. f3 Bxc3 21. bxc3 Nc4 22. a4 Nxd2 23. Bxd2 Rc4 24. axb5 axb5 25. Qf2 Ra4 26. Bf4 Rfa8 27. Rab1 Qc6 28. Rb4 h6 29. Qe2 Ra2 30. Rc2 Rxc2 31. Qxc2 Ra4 32. Qb3 Rxb4 33. cxb4 Nd7 34. h4 Nb6 35. Qd3 Qd7 36. Qxd7 Nxd7 37. Bc7 h5 38. g4 hxg4 39. fxg4 e5 40. g5 f6 41. Bd8 fxg5 42. Bxg5 1/2-1/2

[Event "Zamenhof mem."]
[Site "Bialystok POL"]
[Date "2022.??.??"]
[Round "6.17"]
[White "Janeczko, Jakub"]
[Black "Golubka, Petro"]
[Result "0-1"]
[WhiteElo "2247"]
[BlackElo "2378"]
[WhiteFideId "-1"]
[BlackFideId "-1"]
[PlyCount "70"]
[GameId "2130307565689785"]
[EventDate "2022.12.27"]
[EventType "swiss"]
[EventRounds "9"]
[EventCountry "POL"]
[SourceTitle "10 Days #709"]
[Source "ChessMix"]
[SourceDate "2023.01.01"]
[SourceVersion "1"]
[SourceVersionDate "2023.01.01"]
[SourceQuality "1"]

1. e4 c5 2. d3 g6 3. g3 Bg7 4. Bg2 Nc6 5. f4 d6 6. Nf3 f5 7. O-O Nh6 8. c3 Nf7 9. Na3 O-O 10. Re1 e5 11. Nc4 b5 12. Ne3 fxe4 13. dxe4 exf4 14. gxf4 b4 15. Nd5 bxc3 16. bxc3 Be6 17. Be3 Ne7 18. c4 Nxd5 19. cxd5 Bg4 20. Rb1 g5 21. fxg5 Qa5 22. Qc2 Bxf3 23. Bxf3 Bd4 24. Bxd4 cxd4 25. Bg4 Ne5 26. Be6+ Kh8 27. Rf1 d3 28. Qg2 Rab8 29. Rb7 Qc5+ 30. Kh1 Qe3 31. Qf2 Qxf2 32. Rxf2 d2 33. Rxf8+ Rxf8 34. Rb1 Nd3 35. Kg1 Nf2 0-1

[Event "Zamenhof mem."]
[Site "Bialystok POL"]
[Date "2022.??.??"]
[Round "7.8"]
[White "Golubka, Petro"]
[Black "Sliwicka, Alicja"]
[Result "1/2-1/2"]
[WhiteElo "2378"]
[BlackElo "2284"]
[WhiteFideId "-1"]
[BlackFideId "-1"]
[PlyCount "37"]
[GameId "2130307565689809"]
[EventDate "2022.12.27"]
[EventType "swiss"]
[EventRounds "9"]
[EventCountry "POL"]
[SourceTitle "10 Days #709"]
[Source "ChessMix"]
[SourceDate "2023.01.01"]
[SourceVersion "1"]
[SourceVersionDate "2023.01.01"]
[SourceQuality "1"]

1. b3 e5 2. Bb2 Nc6 3. e3 Nf6 4. Bb5 Bd6 5. Bxc6 dxc6 6. d3 Bg4 7. Ne2 Qe7 8. h3 Bh5 9. Nd2 O-O-O 10. a3 Rhe8 11. g4 Bg6 12. Ng3 Kb8 13. Qf3 Nd5 14. Nde4 f6 15. h4 Bxe4 16. Nxe4 Rf8 17. h5 g6 18. hxg6 hxg6 19. Nxd6 1/2-1/2

[Event "Zamenhof mem."]
[Site "Bialystok POL"]
[Date "2022.??.??"]
[Round "8.14"]
[White "Sowinski, Pawel"]
[Black "Golubka, Petro"]
[Result "0-1"]
[WhiteElo "2064"]
[BlackElo "2378"]
[WhiteFideId "-1"]
[BlackFideId "-1"]
[PlyCount "94"]
[GameId "2130307565693942"]
[EventDate "2022.12.27"]
[EventType "swiss"]
[EventRounds "9"]
[EventCountry "POL"]
[SourceTitle "10 Days #709"]
[Source "ChessMix"]
[SourceDate "2023.01.01"]
[SourceVersion "1"]
[SourceVersionDate "2023.01.01"]
[SourceQuality "1"]

1. e4 e6 2. d4 d5 3. Bd3 Nc6 4. Ne2 Nb4 5. exd5 Nxd3+ 6. Qxd3 Qxd5 7. O-O Nf6 8. c4 Qe4 9. Qd1 b6 10. Nbc3 Qc6 11. b3 Bb7 12. d5 exd5 13. Nd4 Qd7 14. Re1+ Be7 15. Ba3 c5 16. Qe2 Kf8 17. Nxd5 Nxd5 18. cxd5 Bf6 19. Rad1 Re8 20. Qb5 Qxb5 21. Nxb5 Rxe1+ 22. Rxe1 Bxd5 23. Nc7 Be6 24. b4 cxb4 25. Bxb4+ Kg8 26. a4 h5 27. a5 Bc4 28. axb6 axb6 29. Ne8 Bb2 30. Rb1 Be5 31. Bd6 Bd4 32. Rd1 Kh7 33. Rxd4 Rxe8 34. h4 b5 35. Bb4 Ra8 36. Kh2 Ra4 37. Bc5 Ra2 38. Kg3 Kg6 39. Rf4 f6 40. Kh2 Rc2 41. Bb4 Kf7 42. Kg3 Bd5 43. Rd4 Ke6 44. Rd3 Rc4 45. Bf8 Rg4+ 46. Kh3 Bxg2+ 47. Kh2 Be4 0-1

[Event "Zamenhof mem."]
[Site "Bialystok POL"]
[Date "2022.??.??"]
[Round "9.7"]
[White "Golubka, Petro"]
[Black "Krzyzanowski, Marcin"]
[Result "1/2-1/2"]
[WhiteElo "2378"]
[BlackElo "2538"]
[WhiteFideId "-1"]
[BlackFideId "-1"]
[PlyCount "139"]
[GameId "2130307565693966"]
[EventDate "2022.12.27"]
[EventType "swiss"]
[EventRounds "9"]
[EventCountry "POL"]
[SourceTitle "10 Days #709"]
[Source "ChessMix"]
[SourceDate "2023.01.01"]
[SourceVersion "1"]
[SourceVersionDate "2023.01.01"]
[SourceQuality "1"]

1. d4 Nf6 2. c4 e6 3. Nf3 d5 4. Qc2 c5 5. cxd5 cxd4 6. Nxd4 Nxd5 7. a3 e5 8. Nf3 Nc6 9. e4 Nc7 10. Be3 Be7 11. Bc4 Bg4 12. Nbd2 O-O 13. h3 Bh5 14. O-O Rc8 15. Rac1 Qd7 16. b4 a6 17. Qa2 Nb5 18. Bxb5 axb5 19. Qd5 Qxd5 20. exd5 Nd4 21. Nxd4 exd4 22. Bxd4 Rcd8 23. Bc5 Bxc5 24. Rxc5 b6 25. Rc6 Rxd5 26. Ne4 Rb8 27. Rfc1 Rdd8 28. Nd6 f6 29. Nxb5 Be8 30. Na7 Rd3 31. R6c3 Rbd8 32. b5 g5 33. a4 Rxc3 34. Rxc3 Rd4 35. Nc8 Rxa4 36. Nd6 Ra8 37. Nxe8 Rxe8 38. Rc6 Re1+ 39. Kh2 Rb1 40. Rxb6 Kg7 41. Rb7+ Kg6 42. b6 h5 43. Kg3 Rb3+ 44. Kh2 Rb2 45. f3 h4 46. Rb8 Rb1 47. b7 Kg7 48. g4 hxg3+ 49. Kxg3 Rb4 50. Kf2 Rb2+ 51. Ke3 Rb3+ 52. Ke4 Rb1 53. Kd5 Rd1+ 54. Kc4 Rc1+ 55. Kb3 Rb1+ 56. Kc2 Rb6 57. f4 gxf4 58. Kd3 Rb3+ 59. Ke2 Kh7 60. h4 Kg7 61. h5 Kh7 62. Kf2 Kg7 63. h6+ Kh7 64. Kg2 Rg3+ 65. Kf2 Rb3 66. Rf8 Rxb7 67. Rxf6 Rb3 68. Rxf4 Kxh6 69. Rf3 Rxf3+ 70. Kxf3 1/2-1/2

[Event "Elite Hotels GP"]
[Site "Stockholm SWE"]
[Date "2022.11.05"]
[Round "6.3"]
[White "Golubka, Petro"]
[Black "Gdanski, Jacek"]
[Result "1/2-1/2"]
[WhiteElo "2375"]
[BlackElo "2493"]
[WhiteFideId "-1"]
[BlackFideId "-1"]
[PlyCount "76"]
[GameId "2130307568119564"]
[EventDate "2022.11.04"]
[EventType "swiss"]
[EventRounds "8"]
[EventCountry "SWE"]
[SourceTitle "10 Days #704"]
[Source "ChessMix"]
[SourceDate "2022.11.10"]
[SourceVersion "1"]
[SourceVersionDate "2022.11.10"]
[SourceQuality "1"]

1. e4 e6 2. Qe2 c5 3. Nf3 Nc6 4. g3 Nf6 5. Bg2 d5 6. exd5 Nxd5 7. O-O Be7 8. Rd1 Nd4 9. Nxd4 cxd4 10. c4 Nb4 11. d3 Nc6 12. Nd2 O-O 13. f4 Re8 14. Nf3 Qc7 15. Bd2 b6 16. Ne5 Bb7 17. Qe4 Nd8 18. Qe2 a5 19. Be1 Bd6 20. Bxb7 Nxb7 21. Nf3 e5 22. fxe5 Bxe5 23. Nxe5 Rxe5 24. Qg4 Rd8 25. Bf2 h5 26. Qf4 Qd6 27. Re1 f6 28. Re4 Rxe4 29. Qxe4 Nc5 30. Qg6 Qe6 31. h4 Qg4 32. Qxg4 hxg4 33. Rd1 Kf7 34. Kf1 f5 35. Ke2 Kf6 36. Kd2 Ne6 37. Rh1 Kf7 38. Kd1 Kf6 1/2-1/2

[Event "Elite Hotels GP"]
[Site "Stockholm SWE"]
[Date "2022.11.06"]
[Round "7.4"]
[White "Trost, Edvin"]
[Black "Golubka, Petro"]
[Result "1/2-1/2"]
[WhiteElo "2359"]
[BlackElo "2375"]
[WhiteFideId "-1"]
[BlackFideId "-1"]
[PlyCount "48"]
[GameId "2130307568119573"]
[EventDate "2022.11.04"]
[EventType "swiss"]
[EventRounds "8"]
[EventCountry "SWE"]
[SourceTitle "10 Days #704"]
[Source "ChessMix"]
[SourceDate "2022.11.10"]
[SourceVersion "1"]
[SourceVersionDate "2022.11.10"]
[SourceQuality "1"]

1. d4 f5 2. c4 e6 3. Nf3 Bb4+ 4. Nbd2 Nf6 5. g3 O-O 6. Bg2 Nc6 7. O-O d5 8. a3 Be7 9. b4 a6 10. Bb2 Ne4 11. Qb3 Bf6 12. Rad1 Ne7 13. a4 Bd7 14. Ne5 c6 15. Nxd7 Qxd7 16. c5 a5 17. Nxe4 dxe4 18. b5 b6 19. bxc6 Qxc6 20. Qxb6 Qxb6 21. cxb6 Rfb8 22. Ba3 Nd5 23. Bc5 Nxb6 24. Bxb6 Rxb6 1/2-1/2

[Event "Elite Hotels GP"]
[Site "Stockholm SWE"]
[Date "2022.11.06"]
[Round "8.4"]
[White "Golubka, Petro"]
[Black "Seo, Jung Min"]
[Result "1/2-1/2"]
[WhiteElo "2375"]
[BlackElo "2507"]
[WhiteFideId "-1"]
[BlackFideId "-1"]
[PlyCount "113"]
[GameId "2130307568119581"]
[EventDate "2022.11.04"]
[EventType "swiss"]
[EventRounds "8"]
[EventCountry "SWE"]
[SourceTitle "10 Days #704"]
[Source "ChessMix"]
[SourceDate "2022.11.10"]
[SourceVersion "1"]
[SourceVersionDate "2022.11.10"]
[SourceQuality "1"]

1. e4 c5 2. b3 d6 3. Bb2 Nf6 4. Bb5+ Nbd7 5. Nc3 a6 6. Bxd7+ Bxd7 7. Nge2 Bc6 8. f3 b5 9. d4 cxd4 10. Nxd4 Bb7 11. Qd2 e6 12. O-O-O Be7 13. Kb1 h5 14. g3 g6 15. h3 e5 16. Nde2 Rc8 17. Nc1 Qb6 18. Nd3 a5 19. g4 b4 20. Na4 Qa6 21. c4 bxc3 22. Nxc3 O-O 23. Ba3 Rfe8 24. Rhg1 h4 25. Na4 Bc6 26. Ndb2 Rcd8 27. Qe3 Qb7 28. Qb6 Qa8 29. Rc1 Rc8 30. Rgd1 d5 31. Bxe7 Rxe7 32. Qf2 Bxa4 33. Rxc8+ Qxc8 34. Nxa4 dxe4 35. Qxh4 Kg7 36. g5 Nh5 37. fxe4 Rd7 38. Rc1 Qd8 39. Qe1 Rd2 40. Qe3 Nf4 41. h4 Re2 42. Qb6 Qxb6 43. Nxb6 Rxe4 44. Rc4 Re1+ 45. Rc1 Re2 46. Rc2 Re1+ 47. Rc1 Re4 48. Rc4 Re3 49. Nd7 Nh5 50. Rc5 Re1+ 51. Kc2 Re2+ 52. Kd1 Rxa2 53. Nxe5 Ng3 54. Rc2 Ra1+ 55. Rc1 Ra2 56. Rc2 Ra1+ 57. Rc1 1/2-1/2

[Event "POL-Tch 2nd League"]
[Site "POL"]
[Date "2022.09.03"]
[Round "1.115"]
[White "Golubka, Petro"]
[Black "Madej, Jaroslaw"]
[Result "1-0"]
[WhiteElo "2360"]
[BlackElo "2029"]
[WhiteFideId "-1"]
[BlackFideId "-1"]
[PlyCount "107"]
[GameId "2130307571175241"]
[EventDate "2022.09.03"]
[EventType "team"]
[EventRounds "9"]
[EventCountry "POL"]
[SourceTitle "10 Days #699"]
[Source "ChessMix"]
[SourceDate "2022.09.20"]
[SourceVersion "1"]
[SourceVersionDate "2022.09.20"]
[SourceQuality "1"]
[BlackTeam "KS Cracovia 1906 Krakow"]

1. d4 d5 2. c4 c6 3. Nc3 Nf6 4. e3 a6 5. f4 g6 6. Nf3 Bg7 7. h3 Ra7 8. g4 b5 9. c5 h5 10. g5 Ng8 11. Bd3 e6 12. Bd2 Ne7 13. Ne2 a5 14. Kf2 Nf5 15. Qe1 O-O 16. a3 Nd7 17. Rc1 Kh7 18. Rc2 Re8 19. Nc1 Nf8 20. Nb3 a4 21. Nc1 Nd7 22. Na2 Nb8 23. Kg2 Ree7 24. Qe2 Reb7 25. Be1 Na6 26. Bf2 Rb8 27. Qd2 Bd7 28. Rd1 Be8 29. Qe1 Qc7 30. Nc3 Kh8 31. Rb1 Qa5 32. b3 axb3 33. Rxb3 Qd8 34. Qb1 Rba8 35. a4 bxa4 36. Nxa4 Nb4 37. Rxb4 Rxa4 38. Rxa4 Rxa4 39. Rb2 Ra8 40. Rb7 Kg8 41. Qb6 Qc8 42. Rc7 Qd8 43. Rb7 Kf8 44. Nh4 Nxh4+ 45. Bxh4 Qc8 46. Ba6 Qd8 47. Be1 Kg8 48. Ba5 Qxb6 49. cxb6 Rxa6 50. Ra7 Rxb6 51. Bxb6 f6 52. Bd8 fxg5 53. Bxg5 Kf8 54. Kg3 1-0

[Event "POL-Tch 2nd League"]
[Site "POL"]
[Date "2022.09.04"]
[Round "2.31"]
[White "Malek, Jan"]
[Black "Golubka, Petro"]
[Result "1/2-1/2"]
[WhiteElo "2339"]
[BlackElo "2360"]
[WhiteFideId "-1"]
[BlackFideId "-1"]
[PlyCount "120"]
[GameId "2130307571175294"]
[EventDate "2022.09.03"]
[EventType "team"]
[EventRounds "9"]
[EventCountry "POL"]
[SourceTitle "10 Days #699"]
[Source "ChessMix"]
[SourceDate "2022.09.20"]
[SourceVersion "1"]
[SourceVersionDate "2022.09.20"]
[SourceQuality "1"]
[WhiteTeam "UKS Korona Gdansk"]

1. e4 e5 2. Nf3 Nf6 3. Nxe5 d6 4. Nf3 Nxe4 5. d4 d5 6. Bd3 Nc6 7. O-O Be7 8. Nbd2 Nxd2 9. Bxd2 Bg4 10. c3 O-O 11. Re1 Bd6 12. h3 Bh5 13. g3 Na5 14. Kg2 Nc4 15. Bxc4 dxc4 16. Qa4 f6 17. Qxc4+ Bf7 18. Qd3 c5 19. d5 c4 20. Qxc4 Qa5 21. Re6 Bxe6 22. dxe6 Be7 23. b4 Qa6 24. b5 Qd6 25. Bf4 Qc5 26. Qe4 Qxb5 27. Rb1 Qc6 28. Qxc6 bxc6 29. Nd4 Rfe8 30. Nxc6 Bc5 31. Re1 Rac8 32. Nd4 Bxd4 33. cxd4 Rcd8 34. Re4 f5 35. Re5 Rxd4 36. Ra5 Rxe6 37. Rxa7 Ree4 38. Ra8+ Kf7 39. Ra7+ Re7 40. Rxe7+ Kxe7 41. Be5 Ra4 42. Bxg7 Rxa2 43. g4 Ke6 44. Kg3 Ra3+ 45. f3 Ra4 46. f4 Ra3+ 47. Kh4 Kf7 48. Be5 Kg6 49. Bd6 Rf3 50. Be5 Rf1 51. Bd6 Rh1 52. Kg3 h5 53. g5 Rg1+ 54. Kh4 Rd1 55. Be5 Rd3 56. Bc7 Re3 57. Be5 Rf3 58. Bd6 Re3 59. Be5 Rd3 60. Bc7 Rf3 1/2-1/2

[Event "POL-Tch 2nd League"]
[Site "POL"]
[Date "2022.09.05"]
[Round "3.30"]
[White "Gnojek, Petr"]
[Black "Golubka, Petro"]
[Result "1/2-1/2"]
[WhiteElo "2335"]
[BlackElo "2360"]
[WhiteFideId "-1"]
[BlackFideId "-1"]
[PlyCount "40"]
[GameId "2130307571183611"]
[EventDate "2022.09.03"]
[EventType "team"]
[EventRounds "9"]
[EventCountry "POL"]
[SourceTitle "10 Days #699"]
[Source "ChessMix"]
[SourceDate "2022.09.20"]
[SourceVersion "1"]
[SourceVersionDate "2022.09.20"]
[SourceQuality "1"]
[WhiteTeam "UKS Hetman Czestochowa"]
[BlackTeam "KSz Hetman Plock"]

1. d4 d5 2. c4 dxc4 3. e4 Nc6 4. Nf3 Bg4 5. d5 Ne5 6. Bf4 Ng6 7. Be3 e5 8. Qa4+ Bd7 9. Qxc4 Nf6 10. Nc3 a6 11. Bd3 Bd6 12. O-O O-O 13. a4 Qe7 14. Ne2 b5 15. axb5 Bxb5 16. Qc2 Nxd5 17. Nc3 Nf6 18. Nxb5 axb5 19. Qc6 Qe8 20. Qxe8 Rfxe8 1/2-1/2

[Event "POL-Tch 2nd League"]
[Site "POL"]
[Date "2022.09.06"]
[Round "4.36"]
[White "Golubka, Petro"]
[Black "Lewtak, Damian"]
[Result "1/2-1/2"]
[WhiteElo "2360"]
[BlackElo "2386"]
[WhiteFideId "-1"]
[BlackFideId "-1"]
[PlyCount "68"]
[GameId "2130307571183743"]
[EventDate "2022.09.03"]
[EventType "team"]
[EventRounds "9"]
[EventCountry "POL"]
[SourceTitle "10 Days #699"]
[Source "ChessMix"]
[SourceDate "2022.09.20"]
[SourceVersion "1"]
[SourceVersionDate "2022.09.20"]
[SourceQuality "1"]
[WhiteTeam "KSz Hetman Plock"]
[BlackTeam "MKSz GRYF Debica"]

1. e4 Nc6 2. Nf3 e5 3. Bc4 Nf6 4. d3 Bc5 5. Nc3 h6 6. a3 a6 7. h3 d6 8. Be3 Bxe3 9. fxe3 Be6 10. Bxe6 fxe6 11. Qd2 d5 12. O-O-O dxe4 13. Nxe4 Nxe4 14. dxe4 Qxd2+ 15. Kxd2 Rd8+ 16. Ke2 Rxd1 17. Rxd1 Ke7 18. b4 Rd8 19. Rb1 b5 20. c4 bxc4 21. Rc1 Rb8 22. Rxc4 Kd6 23. Nd2 Rb5 24. Rc3 a5 25. Nc4+ Kd7 26. bxa5 Nxa5 27. a4 Rc5 28. Kd3 Nxc4 29. Rxc4 Ra5 30. Kc3 c5 31. Kb3 Kc6 32. Rc2 Ra7 33. Ra2 Rb7+ 34. Kc3 Rb1 1/2-1/2

[Event "POL-Tch 2nd League"]
[Site "POL"]
[Date "2022.09.07"]
[Round "5.73"]
[White "Palosz, Andrzej"]
[Black "Golubka, Petro"]
[Result "0-1"]
[WhiteElo "2023"]
[BlackElo "2360"]
[WhiteFideId "-1"]
[BlackFideId "-1"]
[PlyCount "29"]
[GameId "2130307571192084"]
[EventDate "2022.09.03"]
[EventType "team"]
[EventRounds "9"]
[EventCountry "POL"]
[SourceTitle "10 Days #699"]
[Source "ChessMix"]
[SourceDate "2022.09.20"]
[SourceVersion "1"]
[SourceVersionDate "2022.09.20"]
[SourceQuality "1"]
[WhiteTeam "MCK Skarzysko-Kamienna"]
[BlackTeam "KSz Hetman Plock"]

1. e4 c5 2. Nc3 a6 3. Nf3 d6 4. d4 cxd4 5. Nxd4 Nf6 6. Bg5 e6 7. f4 h6 8. Bh4 Be7 9. Qf3 Nbd7 10. Bg3 Nc5 11. O-O-O O-O 12. Bh4 Bd7 13. g4 b5 14. e5 dxe5 15. fxe5 0-1